Structural Analysis: Skills for Practice (Record no. 176270)
[ view plain ]
| 000 -LEADER | |
|---|---|
| fixed length control field | 02389nam a22001817a 4500 |
| 005 - DATE AND TIME OF LATEST TRANSACTION | |
| control field | 20201208151444.0 |
| 010 ## - LCCN (DPL NO) | |
| LC control number | ENG-128638 |
| 020 ## - INTERNATIONAL STANDARD BOOK NUMBER | |
| International Standard Book Number | 978-93-539-4779-8 |
| Terms of availability | 869.00 |
| 035 ## - SYSTEM CONTROL NUMBER | |
| System control number | EN-112170 |
| 037 ## - SOURCE OF ACQUISITION | |
| Source of stock number/acquisition | DBAD/PUB |
| 082 ## - DEWEY DECIMAL CLASSIFICATION NUMBER | |
| Classification number | 624.17 |
| 100 ## - MAIN ENTRY--PERSONAL NAME | |
| Personal name | Hanson, James H. |
| 245 ## - TITLE STATEMENT | |
| Title | Structural Analysis: Skills for Practice |
| Statement of responsibility, etc | James H. Hanson |
| 260 ## - PUBLICATION, DISTRIBUTION, ETC. (IMPRINT) | |
| Place of publication, distribution, etc | Uttar Pradesh |
| Name of publisher, distributor, etc | Pearson India Education Services Pvt. Ltd. |
| Date of publication, distribution, etc | 2020 |
| 270 ## - ADDRESS | |
| City | Uttar Pradesh |
| Postal code | 201301 |
| Address | 15th Floor, Tower-B, World Trade Tower, Plot No.- 1, Block-C, Sector-16, Noida |
| Electronic mail address | companysecretary.india@pearson.com |
| Telephone number | 044-66540100 |
| 300 ## - PHYSICAL DESCRIPTION | |
| Extent | xii+909p. |
| Dimensions | 25cm(pbk) |
| Other physical details | Including index and illustrations. |
| 942 ## - ADDED ENTRY ELEMENTS (KOHA) | |
| Source of classification or shelving scheme | Dewey Decimal Classification |
| Item type | English Books |
| Classification part | 624.17 |
| Call number suffix | HAN |
| Withdrawn status | Lost status | Not for loan | Collection code | Home library | Current library | Date acquired | Source of acquisition | Cost, normal purchase price | Full call number | Barcode | Copy number | Cost, replacement price | Koha item type |
|---|---|---|---|---|---|---|---|---|---|---|---|---|---|
| Non-fiction | Central Library | Central Library | 08/12/2020 | DBAD/PUB | 869.00 | 624.17 HAN | EN-112170 | 1 | 869.00 | English Books |
